Statistics for World Capitals with Dry Climates

Click here to take the quiz!

General Stats

  • This quiz has been taken 27 times
  • The average score is 27 of 40

Answer Stats

TypeCapital City% Correct
Arid (Desert)Cairo
87%
Arid (Desert)Damascus
87%
Arid (Desert)Doha
87%
Arid (Desert)Khartoum
87%
Semi-Arid (Steppe)Amman
83%
Arid (Desert)Baghdad
83%
Arid (Desert)Muscat
83%
Arid (Desert)Riyadh
83%
Semi-Arid (Steppe)Ulaanbaatar
83%
Arid (Desert)Ashgabat
78%
Semi-Arid (Steppe)Kabul
78%
Arid (Desert)Kuwait City
78%
Arid (Desert)Sana'a
78%
Arid (Desert)Abu Dhabi
74%
Semi-Arid (Steppe)Dakar
74%
Arid (Desert)Djibouti
74%
Arid (Desert)Lima
74%
Arid (Desert)Manama
74%
Semi-Arid (Steppe)Mogadishu
74%
Semi-Arid (Steppe)Niamey
74%
Semi-Arid (Steppe)Tehran
74%
Semi-Arid (Steppe)Gaborone
70%
Arid (Desert)Nouakchott
70%
Semi-Arid (Steppe)Tripoli
70%
Semi-Arid (Steppe)N'Djamena
65%
Semi-Arid (Steppe)Windhoek
65%
Arid (Desert)Baku
61%
Semi-Arid (Steppe)Santiago
61%
Semi-Arid (Steppe)Asmara
57%
Semi-Arid (Steppe)New Delhi
57%
Semi-Arid (Steppe)Yerevan
57%
Semi-Arid (Steppe)Ouagadougou
52%
Semi-Arid (Steppe)Luanda
48%
Semi-Arid (Steppe)Madrid
48%
Semi-Arid (Steppe)Nicosia
48%
Semi-Arid (Steppe)Dodoma
43%
Arid (Desert)Praia
39%
Semi-Arid (Steppe)Bloemfontein
35%
Semi-Arid (Steppe)Accra
30%
Semi-Arid (Steppe)Port Louis
13%

Score Distribution

Percentile by Number Answered

Percent of People with Each Score

Your Score History

You have not taken this quiz